[Event "Robinson Cup"]
[Site "Paisley"]
[Date "2018.07.18"]
[Round "5.1"]
[White "Remenyik, David"]
[Black "Pham, Khoi"]
[Result "1-0"]
[WhiteElo "1769"]
[BlackElo "2037"]
[PlyCount "107"]
[EventDate "2018.07.16"]
[WhiteTeam "Ireland"]
[BlackTeam "Netherlands"]
[WhiteTeamCountry "IRL"]
[BlackTeamCountry "NED"]

1. d4 Nf6 2. Nf3 g6 3. c4 Bg7 4. Nc3 O-O 5. e4 d6 6. Be2 e5 7. d5 a5 8. Bg5 h6
9. Bh4 Na6 10. Nd2 Qe8 11. a3 Bd7 12. b3 Nh7 13. f3 h5 14. O-O Bh6 15. Bf2 Qe7
16. Kh1 h4 17. Rg1 Bf4 18. Nf1 Qg5 19. Qe1 Nc5 20. Rb1 Qh5 21. Bxh4 Kg7 22. b4
axb4 23. axb4 Na4 24. Nxa4 Rxa4 25. g3 Ra2 26. gxf4 exf4 27. Ra1 Rfa8 28. Bf2
f6 29. Rxa2 Rxa2 30. Bd4 Ng5 31. Qc3 Kf7 32. Rg2 Bh3 33. Rf2 Nxe4 34. fxe4 Rxe2
35. Rxe2 Qxe2 36. Qxh3 Qxe4+ 37. Qg2 Qxd4 38. Qe2 Qe5 39. Qxe5 fxe5 40. Nd2 Kf6
41. Kg2 c6 42. dxc6 bxc6 43. b5 cxb5 44. cxb5 Ke6 45. Kf3 d5 46. Kg4 Kd6 47.
Kg5 Kc5 48. Kxg6 e4 49. Kf5 f3 50. Kf4 Kxb5 51. h4 Kb4 52. h5 Kc3 53. Nxf3 exf3
54. Kxf3 1-0

[Event "Robinson Cup"]
[Site "Paisley"]
[Date "2018.07.18"]
[Round "5.1"]
[White "Kutchoukov, Daniel"]
[Black "Murphy, Adam"]
[Result "1/2-1/2"]
[WhiteElo "1966"]
[BlackElo "1695"]
[PlyCount "249"]
[EventDate "2018.07.16"]
[WhiteTeam "Netherlands"]
[BlackTeam "Ireland"]
[WhiteTeamCountry "NED"]
[BlackTeamCountry "IRL"]

1. e4 e6 2. d4 d5 3. Nd2 Nf6 4. e5 Nfd7 5. Bd3 c5 6. c3 Nc6 7. Ne2 cxd4 8. cxd4
f6 9. exf6 Nxf6 10. Nf3 Bd6 11. O-O Qc7 12. Nc3 a6 13. Bd2 O-O 14. Re1 e5 15.
dxe5 Nxe5 16. Nxe5 Bxe5 17. h3 Bd4 18. Re2 Bxh3 19. Be3 Bxe3 20. Rxe3 Bg4 21.
Qb3 Rad8 22. Rae1 b5 23. Be4 Qc4 24. Qxc4 bxc4 25. Bf3 d4 26. Bxg4 Nxg4 27. Rg3
dxc3 28. Rxg4 cxb2 29. Rxc4 Rd2 30. f3 Rfd8 31. Rb4 Rc8 32. Kh2 a5 33. Rb7 Kh8
34. Rb1 g6 35. R1xb2 Rxb2 36. Rxb2 Rc7 37. Rb5 Ra7 38. Kg3 Kg7 39. Kf4 Kf7 40.
Re5 Kf6 41. g4 h6 42. g5+ hxg5+ 43. Rxg5 Ra6 44. Rb5 a4 45. a3 Rc6 46. Rb4 Ra6
47. Ke4 Ra5 48. f4 Ra6 49. Rb5 Rc6 50. Kd4 Ra6 51. Kc4 Re6 52. Kd4 Ra6 53. Re5
Ra8 54. Kc4 Rd8 55. Ra5 Re8 56. Kd4 Rd8+ 57. Ke3 Re8+ 58. Kf3 Rb8 59. Rxa4 Rb5
60. Ke4 Ke6 61. Ra6+ Kf7 62. a4 Rc5 63. Kd4 Rf5 64. Ke4 Rc5 65. a5 Rb5 66. Ra7+
Kf6 67. a6 Rb4+ 68. Ke3 Rb3+ 69. Ke4 Rb4+ 70. Kf3 Ra4 71. Ra8 Kg7 72. Kg4 Ra5
73. Kf3 Ra4 74. Ke3 Kh7 75. a7 Kg7 76. Kd3 Rxf4 77. Rg8+ Kxg8 78. a8=Q+ Kg7 79.
Qb7+ Rf7 80. Qd5 Rf5 81. Qd4+ Kf7 82. Ke4 Rh5 83. Qd7+ Kf6 84. Qd8+ Kf7 85. Kf4
Rf5+ 86. Kg4 Rh5 87. Qd4 Rf5 88. Qd7+ Kf6 89. Qh7 Rg5+ 90. Kf4 Rf5+ 91. Ke4
Re5+ 92. Kd4 Rh5 93. Qg8 Rh4+ 94. Kd5 Rh5+ 95. Kd6 Rf5 96. Qd8+ Kg7 97. Ke6 Kh6
98. Qh4+ Kg7 99. Qe7+ Kh6 100. Qd8 Kh5 101. Qh8+ Kg5 102. Qg7 Kh5 103. Qh7+ Kg5
104. Qh3 Rf6+ 105. Ke7 Rf5 106. Qh8 Kg4 107. Qh6 g5 108. Ke6 Rf4 109. Qh7 Kg3
110. Qh5 g4 111. Ke5 Rf3 112. Qh6 Kg2 113. Qh4 g3 114. Ke4 Rf2 115. Qh5 Rf8
116. Ke3 Rf2 117. Qd1 Rf1 118. Qd5+ Kh2 119. Ke2 Rf2+ 120. Ke1 Rf8 121. Qd2+
Rf2 122. Qh6+ Kg2 123. Qh4 Rf1+ 124. Ke2 Rf2+ 125. Ke3 1/2-1/2

[Event "Robinson Cup"]
[Site "Paisley"]
[Date "2018.07.18"]
[Round "5.1"]
[White "Farrelly, Eoin"]
[Black "Maters, Arthur"]
[Result "1/2-1/2"]
[WhiteElo "1609"]
[BlackElo "1945"]
[PlyCount "73"]
[EventDate "2018.07.16"]
[WhiteTeam "Ireland"]
[BlackTeam "Netherlands"]
[WhiteTeamCountry "IRL"]
[BlackTeamCountry "NED"]

1. d4 Nf6 2. e3 e6 3. Bd3 d5 4. Nd2 c5 5. c3 Nc6 6. f4 b6 7. Ngf3 Bb7 8. O-O
Bd6 9. Ne5 Qc7 10. Qe2 O-O-O 11. b3 Qe7 12. Bb2 Nd7 13. e4 f6 14. exd5 exd5 15.
Nxc6 Bxc6 16. Qxe7 Bxe7 17. f5 Bd6 18. Nf3 Rhe8 19. Rfe1 Kc7 20. g3 c4 21. Bc2
b5 22. Kf2 a5 23. a3 Nb6 24. Rxe8 Rxe8 25. Bc1 Kd7 26. b4 a4 27. Bd2 Bc7 28.
Nh4 Nc8 29. Ng2 Nd6 30. Re1 Bb7 31. Rxe8 Nxe8 32. Bf4 Bc8 33. Bxc7 Kxc7 34. Nf4
Kd6 35. h4 Bd7 36. g4 h6 37. h5 1/2-1/2

[Event "Robinson Cup"]
[Site "Paisley"]
[Date "2018.07.18"]
[Round "5.1"]
[White "Bleeker, Kasper"]
[Black "Hunter, Eoin"]
[Result "1-0"]
[WhiteElo "1739"]
[BlackElo "1488"]
[PlyCount "53"]
[EventDate "2018.07.16"]
[WhiteTeam "Netherlands"]
[BlackTeam "Ireland"]
[WhiteTeamCountry "NED"]
[BlackTeamCountry "IRL"]

1. e4 e5 2. Nf3 Nc6 3. d4 exd4 4. Nxd4 Nf6 5. Nxc6 bxc6 6. e5 Nd5 7. c4 Nb6 8.
b3 d6 9. Bb2 Qe7 10. g3 Nd7 11. Bg2 Bb7 12. O-O O-O-O 13. exd6 Qxd6 14. Qf3 f6
15. Re1 Qb4 16. Nc3 Ne5 17. Qf5+ Kb8 18. Ne4 Bd6 19. c5 Nd3 20. cxd6 Nxe1 21.
dxc7+ Kxc7 22. Bc3 Qb5 23. Qf4+ Kc8 24. Rxe1 Qd3 25. Bh3+ Rd7 26. Ba5 Qd5 27.
Qc7# 1-0

[Event "Robinson Cup"]
[Site "Paisley"]
[Date "2018.07.18"]
[Round "5.2"]
[White "Kante, Kalyan Sai Nandan"]
[Black "Sivarajasingam, Venetia"]
[Result "1/2-1/2"]
[WhiteElo "1531"]
[BlackElo "1843"]
[PlyCount "64"]
[EventDate "2018.07.16"]
[WhiteTeam "Scotland"]
[BlackTeam "Wales"]
[WhiteTeamCountry "SCO"]
[BlackTeamCountry "WLS"]

1. e4 e6 2. d3 d5 3. Qe2 Be7 4. Nf3 Nf6 5. g3 O-O 6. Bg2 c5 7. O-O Nc6 8. e5
Nd7 9. c4 Nb6 10. h4 Qc7 11. Re1 Rd8 12. Nc3 dxc4 13. Nb5 Qd7 14. dxc4 Nd4 15.
Nbxd4 cxd4 16. Qd3 h6 17. Re4 Qc7 18. b3 Bc5 19. Rg4 Kh8 20. Bb2 Qd7 21. Rd1 f6
22. exf6 gxf6 23. Rg6 Qh7 24. Bc1 Bf8 25. Rxf6 Qxd3 26. Rxd3 Bg7 27. Rf7 Kg8
28. Rc7 Bf8 29. Rxd4 Rxd4 30. Nxd4 Bd6 31. Rxc8+ Rxc8 32. Bxb7 Rc7 1/2-1/2

[Event "Robinson Cup"]
[Site "Paisley"]
[Date "2018.07.18"]
[Round "5.2"]
[White "Rathbone-Jones, Ifan"]
[Black "Sibbald, Connor"]
[Result "1-0"]
[WhiteElo "1703"]
[BlackElo "1382"]
[PlyCount "151"]
[EventDate "2018.07.16"]
[WhiteTeam "Wales"]
[BlackTeam "Scotland"]
[WhiteTeamCountry "WLS"]
[BlackTeamCountry "SCO"]

1. d4 Nf6 2. Nf3 g6 3. Bf4 Bg7 4. Nbd2 d6 5. e4 Nbd7 6. Bc4 O-O 7. O-O c5 8. c3
b6 9. Qb3 h6 10. Rfe1 Bb7 11. h3 Nb8 12. dxc5 dxc5 13. Ne5 e6 14. Rad1 Qe7 15.
a4 Nc6 16. Nxc6 Bxc6 17. Qc2 Rac8 18. Ba6 Bb7 19. Bxb7 Qxb7 20. Nc4 Rcd8 21. f3
Kh8 22. Bd6 Rg8 23. Bh2 a6 24. Qb3 b5 25. Nd6 Qa7 26. axb5 axb5 27. Nxb5 Qb6
28. c4 Nd7 29. Bc7 Qb7 30. Bxd8 Rxd8 31. Qc2 Rf8 32. b3 Nb8 33. Re2 Nc6 34. Kh1
Nd4 35. Nxd4 Bxd4 36. Red2 Rd8 37. Rd3 g5 38. R1d2 Kg7 39. Qd1 e5 40. Qe1 f6
41. Qg3 Qc7 42. Qg4 Qd7 43. Qxd7+ Rxd7 44. Ra2 Kg6 45. g4 h5 46. Ra8 h4 47. Kg2
Kf7 48. Rd2 Ke6 49. Rda2 Kf7 50. Kf1 Ke6 51. R2a6+ Ke7 52. Ke2 Kf7 53. R8a7
Rxa7 54. Rxa7+ Ke6 55. Kd3 Kd6 56. Kc2 Ke6 57. Kb1 Bc3 58. Rb7 Kd6 59. Ka2 Bb4
60. Kb2 Ke6 61. Kc2 Ba3 62. Rb6+ Ke7 63. Kd3 Kf7 64. Ra6 Bb4 65. Ra4 Be1 66.
Ra6 Bb4 67. Rb6 Be1 68. Rb5 Bf2 69. b4 cxb4 70. Rxb4 Ke6 71. Rb5 Kd6 72. Kc3
Kc6 73. Kb4 Be1+ 74. Ka4 Bd2 75. Rb8 Kd6 76. Rd8+ 1-0

[Event "Robinson Cup"]
[Site "Paisley"]
[Date "2018.07.18"]
[Round "5.2"]
[White "Connolly Sams, Dietah"]
[Black "Mcintosh, David"]
[Result "1-0"]
[WhiteElo "1466"]
[BlackElo "1368"]
[PlyCount "103"]
[EventDate "2018.07.16"]
[WhiteTeam "Scotland"]
[BlackTeam "Wales"]
[WhiteTeamCountry "SCO"]
[BlackTeamCountry "WLS"]

1. d4 Nf6 2. c4 e6 3. Nc3 d5 4. cxd5 exd5 5. Bg5 Be7 6. Qc2 O-O 7. e3 Nbd7 8.
Bd3 c6 9. Nf3 h6 10. Bf4 Nh5 11. Bg3 Nxg3 12. hxg3 Re8 13. a3 Nf8 14. b4 a5 15.
b5 c5 16. dxc5 Bxc5 17. Ne2 Bb6 18. O-O Bg4 19. Ned4 Rc8 20. Qb2 Qf6 21. Qb3
Red8 22. Qa4 Bh5 23. Rac1 Ne6 24. Rxc8 Rxc8 25. Nxe6 fxe6 26. Nd2 Rc3 27. Bb1
Bg6 28. Bxg6 Qxg6 29. Nf3 Rc4 30. Qd1 Qc2 31. Qa1 Qc3 32. a4 Qxa1 33. Rxa1 Kf7
34. Ne5+ Ke7 35. Nxc4 dxc4 36. Rc1 Kd6 37. Rxc4 Kd5 38. Rg4 g5 39. Kf1 e5 40.
Ke2 Bd8 41. Kd3 h5 42. Rc4 Bb6 43. Rc8 e4+ 44. Kc3 Ba7 45. Rd8+ Ke5 46. Kc4 b6
47. Rh8 h4 48. gxh4 gxh4 49. Rxh4 Bb8 50. Rh5+ Kd6 51. Kd4 Bc7 52. Kxe4 1-0

[Event "Robinson Cup"]
[Site "Paisley"]
[Date "2018.07.18"]
[Round "5.2"]
[White "Smith, Madeleine"]
[Black "Hartman, James"]
[Result "0-1"]
[WhiteElo "1126"]
[BlackElo "1335"]
[PlyCount "126"]
[EventDate "2018.07.16"]
[WhiteTeam "Wales"]
[BlackTeam "Scotland"]
[WhiteTeamCountry "WLS"]
[BlackTeamCountry "SCO"]

1. e4 e6 2. d4 d5 3. exd5 exd5 4. c4 c6 5. Nc3 Nf6 6. Nf3 Be7 7. Be2 O-O 8. O-O
Be6 9. cxd5 Nxd5 10. Qc2 Nd7 11. Re1 Nb4 12. Qb1 Qa5 13. a3 Nd5 14. Nxd5 Bxd5
15. Bd2 Qc7 16. Bd3 Nf6 17. Bg5 h6 18. Bh4 Bxf3 19. gxf3 Rfe8 20. Bg3 Bd6 21.
Qc2 Qd7 22. Bf5 Qc7 23. Qb3 Rxe1+ 24. Rxe1 Qa5 25. Bxd6 Qxe1+ 26. Kg2 b6 27.
Be5 Nd5 28. f4 Qa5 29. Qg3 f6 30. Be6+ Kh8 31. Bd6 Qe1 32. f5 Qe4+ 33. Kg1 h5
34. h3 h4 35. Qg6 Qe1+ 36. Kg2 Qc1 37. Qh5+ Qh6 38. Qf3 Qg5+ 39. Kh2 Rd8 40.
Bxd5 cxd5 41. Bf4 Qxf5 42. b4 g5 43. Qh5+ Qh7 44. Qxh7+ Kxh7 45. Be3 Kg6 46.
Kg2 Rc8 47. f4 Kf5 48. fxg5 fxg5 49. Kf3 Rc3 50. Ke2 Rxa3 51. Kd2 g4 52. hxg4+
Kxg4 53. Bg1 h3 54. Kc2 h2 55. Bxh2 Ra2+ 56. Kb3 Rxh2 57. Ka4 a6 58. Ka3 Kf4
59. Ka4 Ke4 60. b5 a5 61. Kb3 Kxd4 62. Ka3 Kc4 63. Ka4 Ra2# 0-1

[Event "Robinson Cup"]
[Site "Paisley"]
[Date "2018.07.18"]
[Round "5.3"]
[White "Ratnesan, Ranesh"]
[Black "Lary, Damien"]
[Result "0-1"]
[WhiteElo "2073"]
[BlackElo "2098"]
[PlyCount "116"]
[EventDate "2018.07.16"]
[WhiteTeam "England"]
[BlackTeam "France"]
[WhiteTeamCountry "ENG"]
[BlackTeamCountry "FRA"]

1. Nf3 Nf6 2. c4 c6 3. g3 d5 4. Bg2 Bf5 5. cxd5 cxd5 6. d3 Nc6 7. Qa4 Bd7 8. d4
Qc8 9. Nc3 Bh3 10. O-O Bxg2 11. Kxg2 e6 12. Bf4 Be7 13. Rfc1 Qd7 14. a3 O-O 15.
Ne5 Nxe5 16. Bxe5 Qxa4 17. Nxa4 Rac8 18. Nc5 Bxc5 19. dxc5 Ne4 20. Bd4 Nd2 21.
Rc3 Ne4 22. Rcc1 Rfe8 23. f3 Nd2 24. Rc2 Nb3 25. Rd1 e5 26. Bf2 d4 27. e3 Red8
28. exd4 exd4 29. Rd3 Rxc5 30. Rxc5 Nxc5 31. Rxd4 Rxd4 32. Bxd4 Nd3 33. b4 a6
34. f4 Nc1 35. Kf2 Nb3 36. Bb6 Na1 37. Ke2 Nc2 38. Kd3 Nxa3 39. Kd4 Kf8 40. Kc5
Ke7 41. Bc7 b5 42. Be5 f6 43. Bc3 Nc4 44. Kc6 Ne3 45. Be1 Ke6 46. Kb6 Kd5 47.
Kxa6 Kc4 48. Ka5 Nc2 49. Bd2 Nd4 50. Kb6 Nf3 51. Be3 Nxh2 52. Bc5 Nf3 53. Kc6
g5 54. Kd6 gxf4 55. gxf4 h5 56. Ke6 h4 57. f5 h3 58. Bd6 h2 0-1

[Event "Robinson Cup"]
[Site "Paisley"]
[Date "2018.07.18"]
[Round "5.3"]
[White "Brouard, Gregoire"]
[Black "Watson, Mikey J"]
[Result "1/2-1/2"]
[WhiteElo "1952"]
[BlackElo "1962"]
[PlyCount "136"]
[EventDate "2018.07.16"]
[WhiteTeam "France"]
[BlackTeam "England"]
[WhiteTeamCountry "FRA"]
[BlackTeamCountry "ENG"]

1. d4 c5 2. d5 Nf6 3. c4 g6 4. Nc3 d6 5. e4 Bg7 6. f4 Nfd7 7. Bd3 O-O 8. Nf3
Na6 9. O-O Nc7 10. Qe2 e6 11. e5 Nb6 12. Ne4 exd5 13. Nxd6 dxc4 14. Bxc4 Nxc4
15. Qxc4 b6 16. Qe4 Qe7 17. b4 cxb4 18. Bb2 Ba6 19. Rfd1 Nb5 20. Qxb4 Nxd6 21.
Rxd6 Rad8 22. Rxb6 Qxb4 23. Rxb4 Rd7 24. Bd4 Rfd8 25. Kf2 Bf8 26. Ra4 Bb5 27.
Ra5 a6 28. a4 Bc4 29. Bc3 Rd3 30. Rc1 Ba3 31. Rc2 Rb8 32. Nd2 Be6 33. Ke2 Rbd8
34. h3 Bc8 35. Nf3 Bf5 36. Rd2 Bc1 37. Rxd3 Bxd3+ 38. Kf2 Bxf4 39. Rc5 Bh6 40.
Nd4 Bf8 41. Rc7 Bg7 42. Nc6 Re8 43. g4 h5 44. g5 Be4 45. Ne7+ Kf8 46. Ke3 Bg2
47. Kf4 Rb8 48. Nc6 Bxc6 49. Rxc6 Rb3 50. Ke4 Ke8 51. Bd4 Rxh3 52. Rxa6 Ra3 53.
Kd5 h4 54. Kc6 Ra2 55. Bc5 Rd2 56. Ra8+ Rd8 57. Ra7 Rc8+ 58. Kd5 Rd8+ 59. Bd6
Bf8 60. Rc7 Ra8 61. Rc4 h3 62. Rh4 Bxd6 63. exd6 Kd7 64. Ke5 h2 65. Rxh2 Rxa4
66. Rf2 Ra5+ 67. Kf6 Kxd6 68. Kxf7 Rxg5 1/2-1/2

[Event "Robinson Cup"]
[Site "Paisley"]
[Date "2018.07.18"]
[Round "5.3"]
[White "See, Tristian"]
[Black "Randrianarimanana, Alicia"]
[Result "1-0"]
[WhiteElo "1734"]
[BlackElo "1893"]
[PlyCount "77"]
[EventDate "2018.07.16"]
[WhiteTeam "England"]
[BlackTeam "France"]
[WhiteTeamCountry "ENG"]
[BlackTeamCountry "FRA"]

1. e4 c5 2. Nf3 d6 3. Bb5+ Bd7 4. Bxd7+ Nxd7 5. O-O g6 6. c3 Ngf6 7. Re1 Bg7 8.
d4 e6 9. Bg5 Qc7 10. Bf4 Nh5 11. Bg3 Nxg3 12. hxg3 O-O 13. Na3 a6 14. Qd2 b5
15. Rac1 Rfd8 16. Nc2 Nb6 17. b3 c4 18. b4 Nd7 19. g4 Nb8 20. g5 Nc6 21. Ne3 h5
22. g4 f6 23. gxh5 gxh5 24. d5 Ne5 25. Nxe5 dxe5 26. Qe2 exd5 27. Nxd5 Qf7 28.
gxf6 Bh6 29. Rcd1 Kh8 30. Kh1 Rg8 31. Rg1 Rg5 32. Rxg5 Bxg5 33. Rg1 Bh6 34. Qf3
h4 35. Ne7 Re8 36. Ng6+ Kh7 37. Qf5 Qc7 38. Ne7+ Kh8 39. Qg6 1-0

[Event "Robinson Cup"]
[Site "Paisley"]
[Date "2018.07.18"]
[Round "5.3"]
[White "Kien, Clovis"]
[Black "Ratnesan, Rajeiv"]
[Result "1-0"]
[WhiteElo "1696"]
[BlackElo "1648"]
[Annotator "Fiona"]
[PlyCount "46"]
[EventDate "2018.07.16"]
[WhiteTeam "France"]
[BlackTeam "England"]
[WhiteTeamCountry "FRA"]
[BlackTeamCountry "ENG"]

1. d4 b6 2. e4 Bb7 3. Nc3 e6 4. a3 Nf6 5. Bd3 Be7 6. Nf3 d5 7. e5 Ne4 8. Ne2
Ng5 9. Nxg5 Bxg5 10. Bxg5 Qxg5 11. O-O g6 12. Ng3 Ba6 13. Bxa6 Nxa6 14. f4 Qd8
15. Qd3 Nb8 16. Rae1 Qd7 17. f5 exf5 18. Nxf5 gxf5 19. e6 fxe6 20. Qxf5 Kd8 21.
Qf6+ Kc8 22. Qxh8+ Kb7 23. Rf8 Qb5 {scoresheets not clear after this move} 1-0

[Event "Robinson Cup"]
[Site "Paisley"]
[Date "2018.07.18"]
[Round "5.3"]
[White "Leslie, Alex"]
[Black "Chemla, Anouk"]
[Result "1/2-1/2"]
[WhiteElo "1654"]
[BlackElo "1715"]
[PlyCount "93"]
[EventDate "2018.07.16"]
[WhiteTeam "England"]
[BlackTeam "France"]
[WhiteTeamCountry "ENG"]
[BlackTeamCountry "FRA"]

1. d4 Nf6 2. c4 g6 3. Nc3 Bg7 4. e4 d6 5. Nf3 O-O 6. h3 e5 7. d5 Nbd7 8. Bg5 h6
9. Be3 Ne8 10. Nd2 f5 11. f3 f4 12. Bf2 Nef6 13. b4 b6 14. Nb3 Rf7 15. c5 Nf8
16. a4 a5 17. cxb6 cxb6 18. bxa5 bxa5 19. Bb5 g5 20. Bc6 Rb8 21. Nb5 Bb7 22.
Qd2 Ra8 23. Rc1 h5 24. Bxb7 Rxb7 25. Rc6 Ne8 26. Qc3 Ng6 27. Nd2 Ne7 28. Nc4
Nxc6 29. dxc6 Rbb8 30. Ke2 Ra6 31. Qd3 Kh7 32. Be1 Rxc6 33. Bxa5 Qd7 34. Ra1 g4
35. hxg4 hxg4 36. Bc3 gxf3+ 37. gxf3 Qh3 38. Rf1 Bf6 39. Be1 Rbc8 40. Nca3 Rc1
41. Nxd6 Nxd6 42. Qxd6 Qg2+ 43. Rf2 Qg1 44. Qd7+ Bg7 45. Qf5+ Kg8 46. Qe6+ Kh7
47. Qf5+ 1/2-1/2

[Event "Robinson Cup"]
[Site "Paisley"]
[Date "2018.07.18"]
[Round "5.3"]
[White "Croisille, Shanti"]
[Black "Onslow, Teddy"]
[Result "0-1"]
[WhiteElo "1594"]
[BlackElo "1627"]
[Annotator "Fiona"]
[PlyCount "174"]
[EventDate "2018.07.16"]
[WhiteTeam "France"]
[BlackTeam "England"]
[WhiteTeamCountry "FRA"]
[BlackTeamCountry "ENG"]

1. e4 e6 2. d4 d5 3. Nc3 Nf6 4. e5 Nfd7 5. f4 c5 6. Nf3 Nc6 7. Be3 Qb6 8. Na4
Qa5+ 9. c3 cxd4 10. Nxd4 Nxd4 11. Bxd4 b5 12. Nc5 Bxc5 13. b4 Bxb4 14. cxb4
Qxb4+ 15. Kf2 a6 16. Be2 O-O 17. a3 Qa5 18. Qc2 Bb7 19. Rhf1 Rac8 20. Qd3 Nc5
21. Qh3 Ne4+ 22. Kg1 Qd8 23. f5 exf5 24. Rxf5 Rc6 25. Rh5 Bc8 26. Bg4 Bxg4 27.
Qxg4 Rg6 28. Qf3 Ng5 29. Qe3 Ne6 30. Bb6 Qd7 31. Rd1 Rc8 32. Qd2 Qc6 33. Bf2 d4
34. Bg3 Qc2 35. Kf2 Qxd2+ 36. Rxd2 Rc4 37. Rh4 h6 38. Ke2 Ra4 39. Rd3 Nc5 40.
Rdxd4 Rxa3 41. Rd8+ Kh7 42. Rb4 Rc6 43. Rd6 Rc7 44. Bf2 Ne6 45. Rb2 Nf4+ 46.
Kd1 Rd3+ 47. Rd2 Rdc3 48. R2d4 Nxg2 49. Rxa6 Ne3+ 50. Ke2 Nf5 51. Rf4 Rc2+ 52.
Kf1 g6 53. Rb6 Rb2 54. Rb8 Ng7 55. Be3 Rd7 56. Rf2 Rxf2+ 57. Kxf2 Rd5 58. Bf4
Ne6 59. Bg3 Ng5 60. Rb7 Ne4+ 61. Kf3 Nxg3 62. Kxg3 Kg7 63. Kf4 Rd4+ 64. Ke3 Rd1
65. Rxb5 Re1+ 66. Kf2 Ra1 67. Rb7 Ra6 68. Ke3 g5 69. Rd7 Kg6 70. Ke4 Ra4+ 71.
Kd5 Ra5+ 72. Kd6 Ra6+ 73. Kd5 Kg7 74. Rd6 Ra5+ 75. Ke4 Ra2 76. h3 Re2+ 77. Kf5
Rf2+ 78. Kg4 Rf4+ 79. Kg3 Re4 80. Rd5 Re3+ 81. Kg4 Re4+ 82. Kf3 Rf4+ 83. Ke3
Rh4 84. Rd1 Rxh3+ 85. Kd4 Kf8 86. Ke4 {scoresheet not clear after this move}
Rh4+ 87. Kf5 Rf4# 0-1